| 000 | 00686nam a22002295a 4500 | ||
|---|---|---|---|
| 005 | 20171119122208.0 | ||
| 008 | 171119t2016 ci frb 000 0 eng d | ||
| 020 | _a9789535122470 | ||
| 040 |
_aEG-ScBUE _beng _cEG-ScBUE |
||
| 082 | 0 | 4 |
_a615.19 _bSMA _222 |
| 245 | 0 | 0 |
_aSmart drug delivery system / _cedited by Ali Demir Sezer. |
| 250 | _a1st ed. | ||
| 260 |
_aRijeka : _bInTech, _c2016. |
||
| 300 |
_avi, 388 p. : _bill. (col.) ; _c24 cm. |
||
| 504 | _aIncludes bibliographical references. | ||
| 650 | 7 |
_aDrug delivery systems. _2BUEsh _936090 |
|
| 650 | 7 |
_aSmart materials. _2BUEsh |
|
| 651 | _2BUEsh | ||
| 653 |
_bPPhrm _cNovember2017 |
||
| 655 |
_vText book _933728 |
||
| 942 | _2ddc | ||
| 999 |
_c25613 _d25585 |
||